| 000 | 00321nam a22001217a 4500 | ||
|---|---|---|---|
| 020 | _a0-89141-067-8 | ||
| 082 | _a355.5 COL'C | ||
| 100 |
_aCOLLINS, ARTHUR S _980616 |
||
| 245 | _aCOMMON SENSE TRAINING,A WORKING PHILOSPHY FOR LEADERS | ||
| 260 |
_aRAWALPINDI _bARMY EDUCATION PRESS _c1990 |
||
| 300 | _a212P | ||
| 942 | _cBK | ||
| 999 |
_c585514 _d585514 |
||